[Event "Uppsala op"]
[Site "Uppsala"]
[Date "2023.08.13"]
[Round "7"]
[White "Akeborg, Jonatan"]
[Black "Fridman, Arvid"]
[Result "0-1"]
[WhiteElo "1671"]
[BlackElo "1746"]
[PlyCount "93"]
[EventDate "2023.08.07"]
[EventType "swiss"]
[EventRounds "7"]
[EventCountry "SWE"]
[SourceTitle "CBM 215 Extra"]
[Source "ChessBase"]
[SourceDate "2023.09.30"]
[SourceVersion "1"]
[SourceVersionDate "2023.09.30"]
[SourceQuality "1"]

1. e4 e5 2. Nf3 Nf6 3. Nc3 Nc6 4. Bb5 Nd4 5. Nxe5 Qe7 6. f4 Nxb5 7. Nxb5 d6 8. Nf3 Qxe4+ 9. Kf2 Qc4 10. Re1+ Kd8 11. a4 Qxf4 12. d4 Qf5 13. Qe2 c6 14. Na3 d5 15. Bg5 Bd6 16. c4 Be6 17. c5 Bc7 18. b4 Kd7 19. Bxf6 Qxf6 20. Kg1 Rhe8 21. b5 Bf5 22. Qf2 Be4 23. Re3 Re6 24. bxc6+ bxc6 25. Rb3 Qf4 26. Rb7 Kc8 27. Rb3 Rg6 28. Nc2 Rb8 29. Rxb8+ Bxb8 30. Nce1 h5 31. Ra2 Qc1 32. Re2 Bc7 33. Re3 Bf4 34. Re2 Re6 35. Ne5 Bxe5 36. dxe5 f6 37. exf6 Rxf6 38. Qh4 Qf4 39. Qxf4 Rxf4 40. Rf2 Rxf2 41. Kxf2 Kb7 42. Ke3 Ka6 43. Nf3 Bxf3 44. gxf3 Ka5 45. Kd4 Kxa4 46. Ke5 Kb5 47. Kd4 0-1

[Event "Uppsala op"]
[Site "Uppsala"]
[Date "2023.08.12"]
[Round "6"]
[White "Nyberg, Per"]
[Black "Akeborg, Jonatan"]
[Result "1/2-1/2"]
[WhiteElo "1446"]
[BlackElo "1671"]
[PlyCount "64"]
[EventDate "2023.08.07"]
[EventType "swiss"]
[EventRounds "7"]
[EventCountry "SWE"]
[SourceTitle "CBM 215 Extra"]
[Source "ChessBase"]
[SourceDate "2023.09.30"]
[SourceVersion "1"]
[SourceVersionDate "2023.09.30"]
[SourceQuality "1"]

1. Nc3 Nf6 2. d4 d5 3. Nf3 e6 4. Bg5 Bb4 5. a3 Bxc3+ 6. bxc3 b6 7. e3 0-0 8. Bd3 c5 9. 0-0 c4 10. Be2 Nbd7 11. Nd2 h6 12. Bf4 b5 13. h3 Qa5 14. Bd6 Re8 15. Bf3 Bb7 16. a4 Qb6 17. Bh2 bxa4 18. Rb1 Qc6 19. Re1 Nb6 20. Qc1 Ne4 21. Nxe4 dxe4 22. Be2 Rac8 23. Qa3 Nd5 24. Rb2 Qd7 25. Reb1 Bc6 26. Bxc4 Nb6 27. Be2 Bd5 28. Bb5 Bc6 29. Ba6 Bb7 30. Bb5 Bc6 31. Ba6 Bb7 32. Bb5 Bc6 1/2-1/2